1980s Movie Taglines Quiz Stats

 Plays Quiz Updated Jun 15, 2018

Challenge
Share
Tweet
Embed
Score 0/20 Timer 06:00
1 Play Today
% Correct
E.T. the Extra-Terrestrial
94%
The Breakfast Club
89.2%
Die Hard
89.1%
Sixteen Candles
88.9%
The Karate Kid
88.8%
Terms of Endearment
87.6%
Cocktail
86.1%
Platoon
85.9%
Dirty Dancing
85.8%
The Blues Brothers
85%
% Correct
Ferris Bueller's Day Off
83.7%
Weekend at Bernie's
83.5%
Aliens
83.3%
Beetlejuice
83.1%
Top Gun
82.5%
The Princess Bride
82.4%
Footloose
82.3%
Do the Right Thing
81.1%
Flashdance
81%
Back to the Future
75.3%

You're not logged in!

Compare scores with friends on all Sporcle quizzes.
OR
Log In

You Might Also Like...

Show Comments

Extras

Top Quizzes Today


Score Distribution

Your Account Isn't Verified!

In order to create a playlist on Sporcle, you need to verify the email address you used during registration. Go to your Sporcle Settings to finish the process.

Report this User

Report this user for behavior that violates our Community Guidelines.

Details: